01423nab a22002777a 4500999001500000003000400015005001700019008004100036040001100077100002700088245007900115260007300194300001500267500015400282505025100436505008900687650003400776650003300810650002800843650001900871650003200890650002000922700003900942773015100981942001301132 c5357d5357OSt20250225140558.0190603e xxum|||| |||| 00| 0 spa d cPJ-TDF 96393aVitetta, Mariano13aLa inteligencia artificial y la educación jurídica /cMariano Vitetta. cCiudad Autónoma de Buenos Aires :aThomson Reuters La Ley, b2024. ap. 317-322 aCita: TR LALEY AR/DOC/1993/2024. Publicado en: R.C.C. y C. 2024 (Septiembre-Octubre). EDICIÓN ESPECIAL: XXIX Jornadas Nacionales de Derecho Civil. aSumario: I. Introducción.— II. La inteligencia artificial en el derecho.— III. La inteligencia artificial en las aulas de las Facultades de Derecho.— IV. La revalorización de métodos tradicionales de enseñanza.— V. Conclusiones.  t¿Te interesa el texto completo? Solicitalo al correo: koha@justierradelfuego.gov.ar 095817aINTELIGENCIA ARTIFICIAL 096081aCIENCIA Y TECNOLOGÍA 09353aETICA PROFESIONAL  092062aABOGADOS 092171aEJERCICIO PROFESIONAL 094592aEDUCACION 96366aGuerreiro, Pablo N.ecoautor0 0271393170dCiudad Autónoma de Buenos Aires : Thomson Reuters La Ley, 2015-tRevista Código Civil y Comercial. Nº 5 - Septiembre-Octubre 2024 2udccANA